000 00418nam a2200157 a 4500
001 18118
005 20180713211342.0
008 140415s1968 000 0 spa d
041 _aspa
082 _a320
_bLAR
100 1 _aLARROQUE, ENRIQUE
245 1 0 _aESTRATEGIA Y POLITICA
260 _a[s.l.] :
_bEDICIONES DE LA REVISTA DE OCCIDENTE,
_c1968
300 _a312
650 1 4 _aCIENCIAS POLITICAS
999 _c18118
_d18118